Central Library OPAC University of Rajshahi

Cambridge IELTS. (Record no. 37841)

MARC details
000 -LEADER
fixed length control field 01662nam a2200361 a 4500
001 - CONTROL NUMBER
control field 37841
003 - CONTROL NUMBER IDENTIFIER
rucl marc code BD-RjUL
005 - DATE AND TIME OF LATEST TRANSACTION
control field 20211209052649.0
008 - FIXED-LENGTH DATA ELEMENTS--GENERAL INFORMATION
fixed length control field 040202s2006 enka 000 0 eng d
020 ## - INTERNATIONAL STANDARD BOOK NUMBER
International Standard Book Number 9780521677011 (Student's book with answers)
International Standard Book Number 0521677017 (Student's book with answers)
International Standard Book Number 9780521677028 (Student's book with answers and 2 audio CDs)
International Standard Book Number 0521677025 (Student's book with answers and 2 audio CDs)
International Standard Book Number 9780521677035 (Cassette set)
International Standard Book Number 0521677033 (Cassette set)
International Standard Book Number 9780521677042 (Audio CD set)
International Standard Book Number 0521677041 (Audio CD set)
International Standard Book Number 9780521677028 (Selfstudy pack)
International Standard Book Number 0521677025 (Selfstudy pack)
035 ## - SYSTEM CONTROL NUMBER
System control number (BD-RjUL)37946
040 ## - CATALOGING SOURCE
Language of cataloging eng
Transcribing agency BD-RjUL
082 ## - DEWEY DECIMAL CLASSIFICATION NUMBER
Edition number 22
Classification number 428.24076
Author mark and year CAM 2006
245 00 - TITLE STATEMENT
Title Cambridge IELTS.
Number of part/section of a work 5 :
Remainder of title examination papers from University of Cambridge ESOL examinations : English for speakers of other languages.
246 30 - VARYING FORM OF TITLE
Title proper/short title IELTS.
Remainder of title examination papers from University of Cambridge ESOL examinations : English for speakers of other languages
260 ## - PUBLICATION, DISTRIBUTION, ETC. (IMPRINT)
Place of publication, distribution, etc. Cambridge :
Name of publisher, distributor, etc. Cambridge University Press,
Date of publication, distribution, etc. 2006.
300 ## - PHYSICAL DESCRIPTION
Pagination v. :
Illustrations ill. ;
Size 25 cm. +
Accompanying material 4 sound discs (digital stereo. ; 4 3/4 in.) + 2 sound cassettes (analog. stereo., Dolby processed)
650 #0 - SUBJECT ADDED ENTRY--TOPICAL TERM
Topical term or geographic name as entry element International English Language Testing System
Form subdivision Study guides.
9 (RLIN) 117216
Topical term or geographic name as entry element English language
Form subdivision Examinations, questions, etc.
9 (RLIN) 117046
Topical term or geographic name as entry element English language
Form subdivision Textbooks for foreign speakers.
9 (RLIN) 117011
Topical term or geographic name as entry element Language
Form subdivision Examination Questions.
9 (RLIN) 117220
830 #0 - SERIES ADDED ENTRY--UNIFORM TITLE
Uniform title Cambridge books for Cambridge exams
942 ## - ADDED ENTRY ELEMENTS (KOHA)
Source of classification or shelving scheme Dewey Decimal Classification
Koha item type Audio Visual (AV) Materials
Holdings
Lost status Source of classification or shelving scheme Damaged status Not for loan Collection code Permanent Location Current Location Shelving location Date acquired Source of acquisition Cost, normal purchase price Total Checkouts Full call number Date last seen Copy number Koha item type
  Dewey Decimal Classification   Not For Loan Non-fiction Central Library, University of Rajshahi Central Library, University of Rajshahi Audio Visual Section 20/01/2002 Karim International 250.00   AV 428.24076 CAM 2006 30/07/2015 C.1 Audio Visual (AV) Materials